Statistics for Korean Baseball League Teams

Click here to take the quiz!

General Stats

  • This quiz has been taken 51 times
  • The average score is 7 of 10

Answer Stats

HomeAnswer% Correct
SeoulDoosan Bears
90%
SeoulLG Twins
90%
BusanLotte Giants
80%
DaeguSamsung Lions
80%
GwangjuKIA Tigers
78%
SuwonKT Wiz
76%
ChangwonNC Dinos
71%
IncheonSK Wyverns
66%
DaejeonHanwha Eagles
61%
SeoulNexen Heroes
56%

Score Distribution

Percentile by Number Answered

Percent of People with Each Score

Your Score History

You have not taken this quiz